[Event "Florianopolis op 10th"]
[Site "Florianopolis"]
[Date "2024.01.27"]
[Round "9"]
[White "Altenhofen, Guilherme Graneto"]
[Black "Vitielo, Alecio Elias"]
[Result "0-1"]
[WhiteElo "1425"]
[BlackElo "1768"]
[PlyCount "92"]
[EventDate "2024.01.20"]
[EventType "swiss"]
[EventRounds "10"]
[EventCountry "BRA"]
[SourceTitle "CB05_2024"]
[SourceDate "2024.01.31"]
[SourceVersion "1"]
[SourceVersionDate "2024.01.31"]
[SourceQuality "1"]

1. e4 d5 2. exd5 Nf6 3. Nc3 Nxd5 4. Bc4 Nb6 5. Bb3 c5 6. d3 e6 7. Nf3 Be7 8. 0-0 0-0 9. Be3 Nc6 10. Ne4 Nd4 11. Nxd4 cxd4 12. Bd2 Nd5 13. Qh5 Nf6 14. Nxf6+ Bxf6 15. Rfe1 Bd7 16. Re4 g6 17. Rg4 Bg7 18. Qh4 Qxh4 19. Rxh4 Rfc8 20. Re4 Bc6 21. Re2 Rd8 22. Bg5 Re8 23. Rae1 h6 24. Bf4 Rad8 25. Be5 Bxe5 26. Rxe5 Rd6 27. f3 Kg7 28. Kf2 Kf6 29. Bc4 a6 30. Bb3 Red8 31. R1e2 Bd5 32. Bxd5 Rxd5 33. Rxd5 Rxd5 34. f4 Rf5 35. Re4 e5 36. Kf3 g5 37. g3 h5 38. Rxe5 Rxe5 39. fxe5+ Kxe5 40. h3 f5 41. c4 g4+ 42. hxg4 hxg4+ 43. Kf2 f4 44. b4 f3 45. a4 a5 46. b5 Kd6 0-1

[Event "Florianopolis op 10th"]
[Site "Florianopolis"]
[Date "2024.01.23"]
[Round "5"]
[White "Pereira, Thiago Henrique"]
[Black "Altenhofen, Guilherme Graneto"]
[Result "1-0"]
[WhiteElo "1772"]
[BlackElo "1425"]
[PlyCount "74"]
[EventDate "2024.01.20"]
[EventType "swiss"]
[EventRounds "10"]
[EventCountry "BRA"]
[SourceTitle "CB05_2024"]
[SourceDate "2024.01.31"]
[SourceVersion "1"]
[SourceVersionDate "2024.01.31"]
[SourceQuality "1"]

1. e4 c5 2. Nf3 e6 3. d4 cxd4 4. Nxd4 Nf6 5. Nc3 Nc6 6. Nxc6 bxc6 7. Be2 Bb4 8. Bf3 Ba6 9. Bd2 0-0 10. a3 Be7 11. Be2 Bxe2 12. Qxe2 d5 13. exd5 cxd5 14. 0-0 Rb8 15. Rab1 Qc7 16. Nb5 Qxc2 17. Nd4 Qe4 18. Be3 Rfc8 19. f3 Qg6 20. Rfc1 Bc5 21. b4 a5 22. Qa6 axb4 23. Rxb4 Ra8 24. Rxc5 Re8 25. Qe2 Rxa3 26. Bc1 Qd3 27. Bxa3 Qxa3 28. Nc6 Nd7 29. Rc2 Kf8 30. Rb7 Nf6 31. Nd4 Qa1+ 32. Kf2 Qxd4+ 33. Qe3 Qxe3+ 34. Kxe3 Re7 35. Rxe7 Kxe7 36. Rc6 Ne8 37. Ra6 Kf6 1-0

[Event "Florianopolis op 10th"]
[Site "Florianopolis"]
[Date "2024.01.22"]
[Round "4"]
[White "Altenhofen, Guilherme Graneto"]
[Black "Ribeiro, Valdir Uchoa Jr"]
[Result "0-1"]
[WhiteElo "1425"]
[BlackElo "1780"]
[PlyCount "42"]
[EventDate "2024.01.20"]
[EventType "swiss"]
[EventRounds "10"]
[EventCountry "BRA"]
[SourceTitle "CB05_2024"]
[SourceDate "2024.01.31"]
[SourceVersion "1"]
[SourceVersionDate "2024.01.31"]
[SourceQuality "1"]

1. e4 c5 2. Nf3 e6 3. d4 cxd4 4. Nxd4 Nf6 5. Nc3 Nc6 6. f3 a6 7. Be3 Bb4 8. Be2 0-0 9. 0-0 d5 10. exd5 Nxd5 11. Nxd5 Qxd5 12. Nxc6 Qxc6 13. c3 Bd6 14. Qc2 Bd7 15. Bd3 f5 16. Rad1 Rad8 17. Qd2 Bc8 18. Rfe1 e5 19. Bf2 Kh8 20. Bh4 Rde8 21. Bxf5 Bc5+ 0-1

[Event "Joacaba op 2nd"]
[Site "Joacaba"]
[Date "2023.07.02"]
[Round "5"]
[White "Lunelli, Neuri Antonio"]
[Black "Altenhofen, Guilherme Graneto"]
[Result "1-0"]
[WhiteElo "1759"]
[BlackElo "1227"]
[PlyCount "81"]
[EventDate "2023.06.30"]
[EventType "swiss"]
[EventRounds "6"]
[EventCountry "BRA"]
[SourceTitle "CBM 215 Extra"]
[Source "ChessBase"]
[SourceDate "2023.09.30"]
[SourceVersion "1"]
[SourceVersionDate "2023.09.30"]
[SourceQuality "1"]

1. c4 e6 2. Nc3 Nf6 3. e4 d5 4. e5 Nfd7 5. d4 c6 6. Nf3 dxc4 7. Bxc4 Nb6 8. Bb3 Be7 9. 0-0 0-0 10. Ne4 Na6 11. a3 Nc7 12. Qc2 Nbd5 13. Rd1 Bd7 14. Neg5 g6 15. Ne4 Ne8 16. Qe2 Ng7 17. h4 Rc8 18. Bg5 Bxg5 19. Nexg5 a6 20. Rac1 Qe7 21. Qd2 h5 22. Bc2 Ne8 23. Ne4 Kg7 24. Qe2 Rh8 25. Qd2 Rc7 26. Bb1 a5 27. Neg5 c5 28. Bd3 cxd4 29. Nxd4 Rxc1 30. Rxc1 Nec7 31. g3 Rc8 32. Re1 Qc5 33. Ne4 Qb6 34. Nd6 Rd8 35. Nxf7 Rg8 36. Ng5 Kh8 37. Qe2 a4 38. Qd2 Be8 39. Ndf3 Nb5 40. Qc2 Qc7 41. Nxe6 1-0

[Event "Caioba op 7th"]
[Site "Caioba"]
[Date "2023.06.22"]
[Round "6"]
[White "Altenhofen, Guilherme Graneto"]
[Black "Mayara Sibowicz, Giovanna"]
[Result "1/2-1/2"]
[WhiteElo "1227"]
[BlackElo "1556"]
[PlyCount "69"]
[EventDate "2023.06.18"]
[EventType "swiss"]
[EventRounds "9"]
[EventCountry "BRA"]
[SourceTitle "CBM 214 Extra"]
[Source "ChessBase"]
[SourceDate "2023.07.31"]
[SourceVersion "1"]
[SourceVersionDate "2023.07.31"]
[SourceQuality "1"]

1. e4 e5 2. Nf3 Nc6 3. Bc4 Bc5 4. Nc3 d6 5. h3 Nf6 6. d3 Be6 7. Bb3 a6 8. Be3 Bxe3 9. fxe3 Bd7 10. Ng5 0-0 11. 0-0 Na5 12. Nf3 Nxb3 13. axb3 h6 14. Nd5 Nh7 15. d4 c6 16. Nc3 Qe7 17. Qd3 Ng5 18. Nxg5 Qxg5 19. Rf3 f5 20. Raf1 fxe4 21. Nxe4 Qe7 22. dxe5 d5 23. Rxf8+ Rxf8 24. Rxf8+ Kxf8 25. Qf1+ Kg8 26. Nd6 Be6 27. Qf4 b5 28. Nf5 Qd7 29. Nh4 g5 30. Qf6 gxh4 31. Qg6+ Kf8 32. Qxh6+ Ke8 33. Qh8+ Kf7 34. Qh7+ Kf8 35. Qh6+ 1/2-1/2

[Event "Caioba op 7th"]
[Site "Caioba"]
[Date "2023.06.21"]
[Round "5"]
[White "Moro, Antonio Renato Pere"]
[Black "Altenhofen, Guilherme Graneto"]
[Result "1-0"]
[WhiteElo "1735"]
[BlackElo "1227"]
[PlyCount "61"]
[EventDate "2023.06.18"]
[EventType "swiss"]
[EventRounds "9"]
[EventCountry "BRA"]
[SourceTitle "CBM 214 Extra"]
[Source "ChessBase"]
[SourceDate "2023.07.31"]
[SourceVersion "1"]
[SourceVersionDate "2023.07.31"]
[SourceQuality "1"]

1. e4 c5 2. Nf3 e6 3. d4 cxd4 4. Nxd4 Nf6 5. Nc3 Nc6 6. Ndb5 Bb4 7. Nd6+ Ke7 8. Bf4 e5 9. Nxc8+ Rxc8 10. Bg5 Qa5 11. Qd2 Nd4 12. Bxf6+ gxf6 13. Nd5+ Qxd5 14. Qxb4+ Ke8 15. Bd3 Qc6 16. c3 Ne6 17. g3 f5 18. f3 Nc5 19. Bb5 Qb6 20. Rd1 a6 21. Be2 Qc6 22. exf5 Rg8 23. Qh4 Rg7 24. g4 Na4 25. Rd2 e4 26. Qf2 Nxb2 27. Qd4 exf3 28. Bxf3 Qxf3 29. Qxd7+ Kf8 30. Qxc8+ Ke7 31. Qd8# 1-0

[Event "Caioba op 7th"]
[Site "Caioba"]
[Date "2023.06.19"]
[Round "2"]
[White "Altenhofen, Guilherme Graneto"]
[Black "Serafim Junior, Arnor"]
[Result "1-0"]
[WhiteElo "1227"]
[BlackElo "1697"]
[PlyCount "67"]
[EventDate "2023.06.18"]
[EventType "swiss"]
[EventRounds "9"]
[EventCountry "BRA"]
[SourceTitle "CBM 214 Extra"]
[Source "ChessBase"]
[SourceDate "2023.07.31"]
[SourceVersion "1"]
[SourceVersionDate "2023.07.31"]
[SourceQuality "1"]

1. e4 c5 2. Nf3 e6 3. c3 d5 4. e5 Nc6 5. d4 Nge7 6. Na3 a6 7. Be2 Nf5 8. Nc2 Be7 9. 0-0 0-0 10. Bd3 Nh4 11. Nxh4 Bxh4 12. g3 Be7 13. Qh5 h6 14. Bxh6 f5 15. exf6 Rxf6 16. Bxg7 Kxg7 17. Qh7+ Kf8 18. Bg6 Rxg6 19. Qxg6 cxd4 20. Nxd4 Nxd4 21. cxd4 Bf6 22. Rad1 Bd7 23. Rd3 Bg7 24. Rf3+ Kg8 25. Qf7+ Kh8 26. Rf4 Bb5 27. Rh4+ Qxh4 28. gxh4 Bxf1 29. Kxf1 Rf8 30. Qxe6 Bxd4 31. Qh6+ Kg8 32. Qg5+ Kh8 33. Qh5+ Kg8 34. Qxd5+ 1-0

[Event "Caioba op 7th"]
[Site "Caioba"]
[Date "2023.06.19"]
[Round "3"]
[White "Schena, Arthur"]
[Black "Altenhofen, Guilherme Graneto"]
[Result "1-0"]
[WhiteElo "1885"]
[BlackElo "1227"]
[PlyCount "57"]
[EventDate "2023.06.18"]
[EventType "swiss"]
[EventRounds "9"]
[EventCountry "BRA"]
[SourceTitle "CBM 214 Extra"]
[Source "ChessBase"]
[SourceDate "2023.07.31"]
[SourceVersion "1"]
[SourceVersionDate "2023.07.31"]
[SourceQuality "1"]

1. Nf3 d5 2. g3 Nf6 3. Bg2 Bf5 4. 0-0 e6 5. d3 Bd6 6. Nfd2 c6 7. e4 Bg6 8. h3 Nbd7 9. Nc3 0-0 10. f4 Bc5+ 11. Kh2 b5 12. e5 Ne8 13. Nf3 Nc7 14. Ne2 a5 15. g4 a4 16. Ng3 f6 17. f5 exf5 18. gxf5 Be8 19. d4 Ba7 20. e6 Nb6 21. b3 Qe7 22. Nh4 c5 23. dxc5 Qxc5 24. Qg4 Qxc2 25. Bh6 g5 26. fxg6 Bxg6 27. Bxf8 Rxf8 28. Rac1 Qd3 29. Nxg6 1-0

[Event "Florianopolis op 9th"]
[Site "Florianopolis"]
[Date "2023.01.28"]
[Round "8"]
[White "Altenhofen, Guilherme Graneto"]
[Black "Paula Pinto, Mateus Arsenio"]
[Result "1/2-1/2"]
[WhiteElo "1146"]
[BlackElo "1538"]
[PlyCount "74"]
[EventDate "2023.01.23"]
[EventType "swiss"]
[EventRounds "10"]
[EventCountry "BRA"]
[SourceTitle "EXT 2024"]
[Source "ChessBase"]
[SourceDate "2023.10.10"]
[SourceVersion "1"]
[SourceVersionDate "2023.10.10"]
[SourceQuality "1"]

1. e4 e5 2. Nf3 Nc6 3. Bc4 Bc5 4. Nc3 Nf6 5. d3 h6 6. Be3 Bxe3 7. fxe3 d6 8. h3 Ne7 9. Qd2 c6 10. d4 Qa5 11. 0-0 0-0 12. Rad1 Ng6 13. Nd5 Qd8 14. Nxf6+ Qxf6 15. Rde1 Qe7 16. Rd1 Be6 17. Bb3 Bxb3 18. axb3 Rad8 19. Qc3 Rfe8 20. Rfe1 Nh4 21. Nxh4 Qxh4 22. Qa5 a6 23. Qc7 Qe7 24. Qxe7 Rxe7 25. Rd2 exd4 26. exd4 Rde8 27. Rde2 f6 28. Kf2 c5 29. dxc5 dxc5 30. Kf3 Kf7 31. g4 Re5 32. Rd1 R8e7 33. Rd6 R7e6 34. Rd7+ Re7 35. Rd6 R7e6 36. Rd7+ Re7 37. Rd6 R7e6 1/2-1/2

[Event "Florianopolis op 9th"]
[Site "Florianopolis"]
[Date "2023.01.27"]
[Round "7"]
[White "Spagnollo, Pedro Henrique"]
[Black "Altenhofen, Guilherme Graneto"]
[Result "0-1"]
[WhiteElo "1379"]
[BlackElo "1146"]
[PlyCount "52"]
[EventDate "2023.01.23"]
[EventType "swiss"]
[EventRounds "10"]
[EventCountry "BRA"]
[SourceTitle "CBM 212 Extra"]
[Source "ChessBase"]
[SourceDate "2023.03.31"]
[SourceVersion "1"]
[SourceVersionDate "2023.03.31"]
[SourceQuality "1"]

1. d4 d5 2. c4 e6 3. Nf3 Nf6 4. g3 Nbd7 5. Bg2 Be7 6. 0-0 0-0 7. Nbd2 b6 8. Qc2 Bb7 9. e4 dxc4 10. e5 Nd5 11. Qxc4 Rc8 12. Qe2 c5 13. Nb3 cxd4 14. Nbxd4 Nc5 15. Nc2 Ba6 16. Qd1 Bxf1 17. Qxf1 Qd7 18. Ne3 Rfd8 19. Bh1 Nxe3 20. Bxe3 Qd3 21. Qh3 Qc2 22. Nd4 Qxb2 23. Nb3 Nxb3 24. Be4 Qxa1+ 25. Kg2 g6 26. axb3 Qxe5 0-1

[Event "Florianopolis op 9th"]
[Site "Florianopolis"]
[Date "2023.01.26"]
[Round "5"]
[White "Monteiro, Helen Ramazzotte"]
[Black "Altenhofen, Guilherme Graneto"]
[Result "1-0"]
[WhiteElo "1412"]
[BlackElo "1146"]
[PlyCount "113"]
[EventDate "2023.01.23"]
[EventType "swiss"]
[EventRounds "10"]
[EventCountry "BRA"]
[SourceTitle "CBM 212 Extra"]
[Source "ChessBase"]
[SourceDate "2023.03.31"]
[SourceVersion "1"]
[SourceVersionDate "2023.03.31"]
[SourceQuality "1"]

1. c4 e6 2. Nc3 Nf6 3. g3 Be7 4. Bg2 d5 5. cxd5 exd5 6. e3 c6 7. Nf3 Bg4 8. 0-0 0-0 9. d3 Nbd7 10. Qc2 Re8 11. Rb1 Rc8 12. b4 Qc7 13. Bd2 Ne5 14. Nxe5 Qxe5 15. d4 Qe6 16. Rfc1 Bf5 17. e4 Nxe4 18. Nxe4 Bxe4 19. Bxe4 Qxe4 20. Qb2 Bf6 21. Be3 Qd3 22. Rc2 Be7 23. Rbc1 Qb5 24. Qb3 Qxb4 25. Qxb4 Bxb4 26. Rb1 a5 27. a3 Bxa3 28. Rxb7 g6 29. Rb6 Re6 30. Bd2 Ra8 31. Ra2 Re2 32. Kf1 Rae8 33. Rxa3 Rxd2 34. Rxc6 Rxd4 35. Rxa5 Rd1+ 36. Kg2 Rd8 37. Rcc5 Kg7 38. Kf3 h5 39. h4 d4 40. Rd5 Rxd5 41. Rxd5 d3 42. Ke3 Kh6 43. Rxd3 Rxd3+ 44. Kxd3 f6 45. f4 g5 46. Ke4 Kg6 47. f5+ Kf7 48. Kd5 Ke7 49. Kc6 g4 50. Kc7 Kf7 51. Kd7 Kf8 52. Ke6 Kg7 53. Ke7 Kg8 54. Kxf6 Kf8 55. Kg6 Kg8 56. Kxh5 Kf7 57. Kxg4 1-0

[Event "Concordia op 6th"]
[Site "Concordia"]
[Date "2022.10.15"]
[Round "7"]
[White "Zottis, Ernani"]
[Black "Altenhofen, Guilherme Graneto"]
[Result "1-0"]
[WhiteElo "1428"]
[BlackElo "1800"]
[PlyCount "53"]
[EventDate "2022.10.12"]
[EventType "swiss"]
[EventRounds "9"]
[EventCountry "BRA"]
[SourceTitle "CBM 210 Extra"]
[Source "ChessBase"]
[SourceDate "2022.11.30"]
[SourceVersion "1"]
[SourceVersionDate "2022.11.30"]
[SourceQuality "1"]

1. e4 e5 2. Nc3 Nf6 3. Nf3 Nc6 4. Bb5 Bc5 5. d3 h6 6. Bxc6 dxc6 7. Nxe5 Qd4 8. Be3 Qxe5 9. d4 Bxd4 10. Bxd4 Qe7 11. Qd3 Be6 12. 0-0 0-0-0 13. Na4 Qd7 14. c3 Qe7 15. Qc2 Bc4 16. Rfe1 Kb8 17. Nc5 b6 18. Na4 c5 19. b3 Bxb3 20. Qxb3 cxd4 21. e5 Rhe8 22. cxd4 Nd5 23. Nc5 a5 24. Rab1 Qg5 25. Qb5 Re7 26. Qc6 Kc8 27. Qb7# 1-0

[Event "Concordia op 6th"]
[Site "Concordia"]
[Date "2022.10.14"]
[Round "5"]
[White "Andrade, Moacir Belarmino F"]
[Black "Altenhofen, Guilherme Graneto"]
[Result "1-0"]
[WhiteElo "1447"]
[BlackElo "1800"]
[PlyCount "55"]
[EventDate "2022.10.12"]
[EventType "swiss"]
[EventRounds "9"]
[EventCountry "BRA"]
[SourceTitle "CBM 210 Extra"]
[Source "ChessBase"]
[SourceDate "2022.11.30"]
[SourceVersion "1"]
[SourceVersionDate "2022.11.30"]
[SourceQuality "1"]

1. e4 e5 2. Nf3 Nc6 3. Bb5 a6 4. Ba4 Nf6 5. 0-0 b5 6. Bb3 Be7 7. Re1 0-0 8. c3 d6 9. h3 Bb7 10. d4 exd4 11. cxd4 Na5 12. Bc2 d5 13. e5 Nd7 14. Nc3 Bb4 15. Bxh7+ Kh8 16. Bc2 Bxc3 17. bxc3 Nb6 18. Ng5 g6 19. Qg4 Kg7 20. Ba3 Rh8 21. Bxg6 Bc8 22. Bf5 Bxf5 23. Qxf5 Qd7 24. Qf6+ Kg8 25. e6 fxe6 26. Qg6+ Qg7 27. Qxe6+ Qf7 28. Qxf7# 1-0

[Event "Concordia op 6th"]
[Site "Concordia"]
[Date "2022.10.13"]
[Round "4"]
[White "Altenhofen, Guilherme Graneto"]
[Black "Spieker, Otavio Schmidt"]
[Result "0-1"]
[WhiteElo "1800"]
[BlackElo "1205"]
[PlyCount "32"]
[EventDate "2022.10.12"]
[EventType "swiss"]
[EventRounds "9"]
[EventCountry "BRA"]
[SourceTitle "CBM 210 Extra"]
[Source "ChessBase"]
[SourceDate "2022.11.30"]
[SourceVersion "1"]
[SourceVersionDate "2022.11.30"]
[SourceQuality "1"]

1. e4 e5 2. Nf3 Nc6 3. Bc4 Bc5 4. Nc3 h6 5. d3 d6 6. h3 Nf6 7. Be3 Bb6 8. Qd2 Be6 9. Bb3 d5 10. exd5 Nxd5 11. Bxd5 Bxd5 12. Bxb6 axb6 13. Qe3 Bxf3 14. Qxf3 0-0 15. 0-0 Nd4 16. Qxb7 c6 0-1

[Event "Concordia op 6th"]
[Site "Concordia"]
[Date "2022.10.12"]
[Round "1"]
[White "Nascimento, Andre Renato"]
[Black "Altenhofen, Guilherme Graneto"]
[Result "1-0"]
[WhiteElo "1769"]
[BlackElo "1800"]
[PlyCount "69"]
[EventDate "2022.10.12"]
[EventType "swiss"]
[EventRounds "9"]
[EventCountry "BRA"]
[SourceTitle "CBM 210 Extra"]
[Source "ChessBase"]
[SourceDate "2022.11.30"]
[SourceVersion "1"]
[SourceVersionDate "2022.11.30"]
[SourceQuality "1"]

1. e4 e5 2. Nf3 Nc6 3. Bc4 Bc5 4. c3 Nf6 5. d3 h6 6. b4 Bb6 7. 0-0 d6 8. h3 a6 9. Be3 Ba7 10. Nbd2 Be6 11. a4 Bxc4 12. Nxc4 b5 13. axb5 axb5 14. Bxa7 bxc4 15. Be3 Rxa1 16. Qxa1 cxd3 17. Qa6 Ne7 18. Qxd3 Qa8 19. Nd2 0-0 20. f4 exf4 21. Bxf4 Ng6 22. Bxh6 Nxe4 23. Nxe4 gxh6 24. Nf6+ Kg7 25. Qd4 Ne5 26. Qh4 Qa7+ 27. Kh1 Qe3 28. Nh5+ Kg8 29. Nf6+ Kg7 30. Nd5 Qd3 31. Qf6+ Kh7 32. Nxc7 Rc8 33. Nd5 Qxd5 34. Qf5+ Kg7 35. Qxc8 1-0